| 000 | 00000nam 2200000zi 4500 |
| 001 | 9.883308 |
| 003 | CaOODSP |
| 005 | 20241203113653 |
| 006 | m o d f |
| 007 | cr |n||||||||| |
| 008 | 200106s1987 oncbd o f000 0 eng d |
| 020 | |a0660124157|q(print) |
| 040 | |aCaOODSP|beng|erda|cCaOODSP |
| 043 | |an-cn-yk |
| 086 | 1 |aEn57-7/40E-PDF|zEn57-7/40E |
| 100 | 1 |aWahl, H. E, |eauthor. |
| 245 | 10|aClimate of Yukon / |cH.E. Wahl, D.B. Fraser, R.C. Harvey, J.B. Maxwell. |
| 264 | 1|a[Downsview, Ont.] : |bEnvironment Canada, Atmospheric Environment Service = Environnement Canada, Service de l'environnement atmosphérique, |c[1987] |
| 264 | 4|c©1987 |
| 300 | |a1 online resource (xxii, 323 pages) : |bmaps, charts. |
| 336 | |atext|btxt|2rdacontent |
| 337 | |acomputer|bc|2rdamedia |
| 338 | |aonline resource|bcr|2rdacarrier |
| 490 | 1 |aClimatological studies ; |vno. 40 |
| 500 | |aDigitized edition from print [produced by Environment and Climate Change Canada]. |
| 504 | |aIncludes bibliographical references (page 305-308). |
| 520 | 3 |a"This study presents a broad overview of Yukon climate, which is classified as sub-arctic continental. Climatic regions are defined although data are too sparse from the high country to allow rigorous specification of regional differences. Traditional climatological analyses are presented for elements of temperature, wind, precipitation, humidity, cloud, thunderstorms, visibility and obstructions to vision. Normal circulation patterns are depicted and four common synoptic-weather patterns are defined. Analysis includes probability estimates of extremes and duration statistics for maximum and minimum temperatures, daily precipitation and wind speed. The subjects of air pollution potential, wind energy and climatic change are discussed in summary rather than in depth--Abstract. |
| 651 | 0|aYukon|xClimate. |
| 651 | 6|aYukon|xClimat. |
| 710 | 1 |aCanada. |bEnvironment Canada. |
| 710 | 1 |aCanada. |bAtmospheric Environment Service. |
| 830 | #0|aClimatological studies ;|vno. 40.|w(CaOODSP)9.883231 |
| 856 | 40|qPDF|s338.57 MB|uhttps://publications.gc.ca/collections/collection_2020/eccc/En57-7-40-eng.pdf |